Úloha druhotných surovinových zdrojů v reprodukčním procesu

Saved in:
Bibliographic Details
Format: Book
Language:Czech
Published: Praha Výzkumný ústav plánování a řízení národ. hosp. 1983
Series:Výzkumná práce č. 133
Tags: Add Tag
No Tags, Be the first to tag this record!

MARC

LEADER 00000nam a2200000 4500
001 c131096
005 20041019155251.4
041 0 |a cze 
044 |a CZ 
245 1 0 |a Úloha druhotných surovinových zdrojů v reprodukčním procesu 
264 1 |a Praha  |b Výzkumný ústav plánování a řízení národ. hosp.  |c 1983 
300 |a 148 s. 
490 1 |a Výzkumná práce  |v č. 133 
830 0 |a Výzkumná práce  |v č. 133